| 000 | 01394nam a22003257i 4500 | ||
|---|---|---|---|
| 999 |
_c23061 _d23061 |
||
| 003 | AR-CdUCM | ||
| 008 | 240916b20222022 pe||||| |||| 00| 0 spa d | ||
| 040 |
_aMUNICIPALIDAD PROVINCIAL DEL CUSCO _cBIBLIOTECA MUNICIPAL DEL CUSCO |
||
| 041 | _hspa | ||
| 082 |
_a636.8 / M22 _bM22 |
||
| 100 |
_aMancilla Quispe, Wilbert Justino _950515 |
||
| 245 |
_aManual del alpaquero : _bBuenas prácticas de manejo en camélidos domésticos / |
||
| 260 |
_aPerú : _c2022 |
||
| 300 |
_a84 páginas. : _c21 cm. |
||
| 500 | _zBibliografía: página 84 | ||
| 505 | _aOrigen de las alpacas -- Calendario de crianza de alpacas -- Sanidad y prevención de enfermedades en alpacas -- Enfermedades parasitarias -- Infraestructura productiva en alpacas -- Mejoramiento genético en alpacas -- Selección de reproductores -- Características del vellón -- Empadre controlado -- Biotecnologías de reproducción -- Problemática de los pastos naturales -- Buenas prácticas en esquila | ||
| 650 |
_aAlpacas _919708 |
||
| 650 |
_aEnfermedades _95611 |
||
| 650 |
_aSarna _950516 |
||
| 650 |
_aPiojera _950517 |
||
| 650 |
_aNeumonía _950518 |
||
| 650 |
_aOtitis _950519 |
||
| 650 |
_aInfraestructura _938257 |
||
| 650 |
_aCobertizos _950520 |
||
| 650 |
_aEmpadre _950521 |
||
| 650 |
_aRebaño _950522 |
||
| 700 |
_aAjahuana Condori, Osmar Ovidio _950523 |
||
| 942 |
_2ddc _cLIBROS |
||
| 945 |
_apbj _d2024-09-16 |
||